000 00610nam a2200193Ia 4500
003 GCL
008 140319s9999 xx 000 0 ara d
040 _aGCL /
_cGCL
082 0 4 _a811.082
_bم م
100 1 _aمحمد بحيرى
245 1 0 _aمصر المنتصرة من وحى الحرب فى اكتوبر /
_cمحمد بحيرى
300 _a95 ص
490 _aالهيئة العامة للاستعلامات
_v0
650 0 4 _aالشعر العربى
650 0 4 _aالادب العربى
650 0 4 _aالقصائد والدواوين
650 0 4 _aالشعر السياسى
942 _2ddc
_cBK
999 _c52072
_d52072